000 00835nam a2200289 i 4500
999 _c3118
_d3118
001 381440
003 GZU
005 20201118082157.0
008 790123s1978 enka b 001 0 eng
010 _a 78319448
015 _aGB***
020 _a0719572118
_c£2.50
040 _aDLC
_cDLC
_dDLC
043 _ae-uk---
050 0 0 _aKD661
_b.B78
082 0 0 _a340/.0942
100 1 _aBruce, Richard H.
245 1 0 _aSuccess in law /
_cRichard H. Bruce ; illustrated by Michael Ffolkes.
260 _aLondon :
_bMurray,
_c2001.
300 _a518 p. :
_bill. ;
_c22 cm.
490 0 _aSuccess studybooks
500 _aIncludes indexes.
504 _aBibliography:
650 0 _aLaw
_zGreat Britain
_xOutlines, syllabi, etc.
906 _a7
_bcbc
_corignew
_d3
_encip
_f19
_gy-gencatlg
942 _2lcc
_cBK
_e5th ed.
_h611
_iBRU
_kKD
_m2001